| 000 | 01338cam a22002413a 4500 | ||
|---|---|---|---|
| 001 | 4061 | ||
| 003 | PGUSA | ||
| 005 | 20140828083048.0 | ||
| 008 | 030501s2003||||xxu|||||s|||||000 | eng d | ||
| 040 |
_aPGUSA _beng |
||
| 042 | _adc | ||
| 050 | 4 | _aD | |
| 100 | 1 |
_aCreasy, Edward Shepherd, _cSir, _d1812-1878 |
|
| 245 | 1 | 4 |
_aThe Fifteen Decisive Battles of the World : _bfrom Marathon to Waterloo _h[electronic resource] / _cEdward Shepherd, Creasy |
| 260 |
_bProject Gutenberg, _c2003 |
||
| 505 | 0 | _aThe battle of Marathon -- Defeat of the Athenians at Syracuse, B.C. 413 -- The battle of Arbela, B.C. 331 -- The battle of the Metaurus, B.C. 207 -- Victory of Arminius over the Roman Legions under Varus, A.D. 9 -- The battle of Chalons, A.D. 451 -- The battle of Tours, A.D. 732 -- The battle of Hastings, A.D. 1066 -- Joan of Arc's Victory over the English at Orleans, A.D. 1429 -- The defeat of the Spanish Armada, A.D. 1588 -- The battle of Blenheim, A.D. 1704 -- The battle of Pultowa, A.D. 1709 -- Victory of the Americans over Burgoyne at Saratoga, A.D. 1777 -- The battle of Valmy, A.D. 1792 -- The battle of Waterloo, A.D. 1815. | |
| 506 | _aPublic domain in the USA. | ||
| 516 | _aElectronic text | ||
| 653 | _aBattles | ||
| 830 | 0 |
_aProject Gutenberg _v4061 |
|
| 856 | 4 | 0 | _uhttp://www.gutenberg.org/ebooks/4061 |
| 942 | _cEB | ||
| 999 |
_c233390 _d233390 |
||